| 000 | 00850nam a2200253Ia 4500 | ||
|---|---|---|---|
| 003 | OSt | ||
| 005 | 20220923213249.0 | ||
| 006 | a|||||r|||| 00| 0 | ||
| 007 | ta | ||
| 008 | 220922b |||||||| |||| 00| 0 hin d | ||
| 024 | _a160,300 | ||
| 037 | _cTextual | ||
| 040 |
_aARTS _cARTS _bhin |
||
| 041 |
_2hin _ahin |
||
| 082 | _aO152,1:gN, J1 | ||
| 100 | _aचतुर्वेदी, वृजकिशोर | ||
| 245 | 0 | _aआघुनिक कविता की भाषा | |
| 246 | _aĀghunik kavitā kī bhāṣhā | ||
| 260 |
_aआगरा _b गयाप्रसाद एंड संस _c1951 |
||
| 300 |
_a528पृ. _ccm. |
||
| 650 |
_aहिन्दी साहित्य _9156264 |
||
| 942 |
_hO152,1:gN, J1 _cTEXL _2CC |
||
| 999 |
_c315047 _d315047 |
||